000 00457nab a2200145Ia 4500
003 ES-SlBCS
005 20210601133831.0
008 140529s1981 xxu||||| |||| 00| 0 por d
041 _apor
100 1 _aSouza, Remy de
_9210330
245 0 0 _aLamarckismo e Darwinismo do Ponto de Vista Filosófico
_c Remy de Souza
650 0 4 _aLamarckismo-Darwinismo
_9210331
773 0 _tPresença Filosofica
_gvol. 7, nº. 2-3, 1981, págs. 164-166
_wRev966
942 _cAR
999 _c602857
_d602857